'G' Game Quiz Stats

 Plays Quiz Updated Feb 24, 2019

Score 0/41 Timer 08:00
26 Plays Today
Thing % Correct
Greed
85.1%
Germany
76.4%
Gluttony
74.5%
Ghana
67.2%
Greece
59.2%
New York Giants
57%
San Francisco Giants
57%
Guinea
56.6%
Georgia
55.1%
Genesis
54.5%
Guatemala
53.8%
James Garfield
51.6%
Gold
51.3%
Guyana
50.8%
Ulysses S. Grant
49.1%
Gabon
47.2%
(The) Gambia
47.1%
Grenada
42.5%
Gone with the Wind
41.3%
Gregory
40.5%
Germanium
39%
Thing % Correct
Guinea-Bissau
38.3%
Memphis Grizzlies
28%
Galatians
27.6%
The Godfather
27.2%
Gallium
27%
Gemini
25.9%
Green Book
23.6%
The Godfather Part II
23.2%
Gladiator
21%
Vegas Golden Knights
20.3%
Gandhi
20.1%
Gigi
14.9%
Gadolinium
13.7%
The Greatest Show on Earth
10.4%
Grand Hotel
10.2%
Going My Way
9.6%
The Great Ziegfeld
8.9%
Gentleman's Agreement
8.5%
Grus
7.7%
Gelasius
6.7%

You're not logged in!

Compare scores with friends on all Sporcle quizzes.
OR
Log In

Sporcle TV

Today on Sporcle TV


Watch our educational content, quiz creation guides, and fun videos on Sporcle TV.

Show Comments

Extras

Top Quizzes Today


Score Distribution

Your Account Isn't Verified!

In order to create a playlist on Sporcle, you need to verify the email address you used during registration. Go to your Sporcle Settings to finish the process.

Report this User

Report this user for behavior that violates our Community Guidelines.

Details: